[Event "HCL-C327"]
[Site "www.playchess.de"]
[Date "2001.04.30"]
[Round "35"]
[White "Lukas"]
[Black "king27"]
[WhiteElo "1231"]
[BlackElo "873"]
[PlyCount "71"]
[Result "1-0"]

1.d4 d5 2.c4 dxc4 3.Nf3 e6 4.g3 Nc6 5.Bg2 g6 6.O-O 
Bg7 7.Qa4 a6 8.Qxc4 Nxd4 9.Nxd4 Bxd4 10.Qa4+ b5 
11.Bc6+ Bd7 12.Qxd4 Bxc6 13.Qxh8 Qd5 14.Qxg8+ Ke7 
15.e4 Qxe4 16.Bg5+ f6 17.Qxh7+ Ke8 18.Qg8+ Ke7 
19.Qg7+ Ke8 20.f3 Qd4+ 21.Kg2 Qxb2+ 22.Rf2 Qxa1 
23.Bxf6 Qxf6 24.Qxf6 Kd7 25.Rd2+ Kc8 26.Rd8+ Kb7 
27.Rxa8 Kxa8 28.Qxe6 Kb7 29.Qxg6 a5 30.h4 Bd5 
31.a3 c5 32.h5 b4 33.h6 b3 34.h7 b2 35.h8Q {%}  
Ba2 36.Qhg7+ 1-0

[Event "ACL-A191"]
[Site "www.playchess.de"]
[Date "2001.04.30"]
[Round "8"]
[White "Blocus"]
[Black "julianlore"]
[WhiteElo "1918"]
[BlackElo "1915"]
[PlyCount "44"]
[Result "1/2-1/2"]

1.d4 Nf6 2.Nf3 e6 3.e3 d5 4.Bd3 c5 5.c3 Nc6 6.Nbd2 
Bd6 7.O-O O-O 8.dxc5 Bxc5 9.e4 Qc7 10.Qe2 h6 11.e5 
Nd7 12.Nb3 Bb6 13.Re1 f6 14.exf6 Nxf6 15.Nbd4 e5 
16.Nxe5 Nxd4 17.cxd4 Bxd4 18.Bf4 Qb6 19.Ng6 Rd8 
20.Ne7+ Kf8 21.Ng6+ Kg8 22.Ne7+ 
Kf8 1/2-1/2

[Event "HCL-C333"]
[Site "www.playchess.de"]
[Date "2001.04.30"]
[Round "4"]
[White "Coolhandluke"]
[Black "jpechie"]
[WhiteElo "1000"]
[BlackElo "763"]
[PlyCount "33"]
[Result "1-0"]

1.e4 {hi jpechi, I look forward to an interesting 
game, good luck.}  e5 {Thanks. Good luck to you.}  
2.Nf3 Nc6 3.d4 exd4 4.Nxd4 Nf6 5.Nxc6 bxc6 6.Bg5 
h6 7.Bh4 g5 8.Bg3 Nxe4 9.Qe2 Qe7 10.Bxc7 Bg7 
11.Nc3 Nxc3 12.Qxe7+ Kxe7 13.Bd3 Bb7 14.O-O d6 
15.Ba5 Nd5 16.Rae1+ Kd7 17.Bf5+ 1-0